000 004760000a22001570004500
090 _aAR
_b01409
245 1 0 _aInitiation of DNA synthesis in the prematurely condensed chromosomes of G1 cells
650 1 4 _aAnálisis genético
_975159
650 1 4 _aGenética
_992806
650 1 4 _aCariotipos
_994482
041 0 _aInglés
700 1 _aRao, Potu N.
_994707
100 1 _aHanks, Steven K.
_994708
942 _cARTICULO
773 1 _tJournal of Chi Biology
_3511
_h87
_q285-291
_d1980
999 _c10493
_d10493